Zion in Africa : the Jews of Zambia (Record no. 75613)

MARC details
000 -LEADER
fixed length control field 00635nam a22002297a 4500
005 - DATE AND TIME OF LATEST TRANSACTION
control field 20230412120414.0
008 - FIXED-LENGTH DATA ELEMENTS--GENERAL INFORMATION
fixed length control field 230403b |||||||| |||| 00| 0 eng d
020 ## - INTERNATIONAL STANDARD BOOK NUMBER
International Standard Book Number 9781860644054
Qualifying information Hard cover
040 ## - CATALOGING SOURCE
Original cataloging agency CBULib
Transcribing agency CBULib
041 ## - LANGUAGE CODE
Language code of text/sound track or separate title eng
050 ## - LIBRARY OF CONGRESS CALL NUMBER
Classification number DS 135.Z35 Mac
100 ## - MAIN ENTRY--PERSONAL NAME
Personal name Macmillan, Hugh
245 ## - TITLE STATEMENT
Title Zion in Africa : the Jews of Zambia
Statement of responsibility, etc. / by Hugh Macmillan
260 ## - PUBLICATION, DISTRIBUTION, ETC.
Place of publication, distribution, etc. New York :
Name of publisher, distributor, etc. I.B.Tauris,
Date of publication, distribution, etc. 1999
300 ## - PHYSICAL DESCRIPTION
Extent ix, 342 pages : illustrations
600 ## - SUBJECT ADDED ENTRY--PERSONAL NAME
Personal name MACMILLAN, HUGH
600 ## - SUBJECT ADDED ENTRY--PERSONAL NAME
Personal name SHAPIRO, FRANK
650 ## - SUBJECT ADDED ENTRY--TOPICAL TERM
Topical term or geographic name entry element ETHNIC RELATIONS--ZAMBIA
650 ## - SUBJECT ADDED ENTRY--TOPICAL TERM
Topical term or geographic name entry element JEWS
700 ## - ADDED ENTRY--PERSONAL NAME
Personal name Shapiro, Frank
942 ## - ADDED ENTRY ELEMENTS (KOHA)
Koha item type MONOGRAPH
999 ## -
-- 75613
-- 75613
Holdings
Withdrawn status Lost status Source of classification or shelving scheme Damaged status Not for loan Collection code Permanent Location Current Location Shelving location Date acquired Source of acquisition Cost, normal purchase price Total Checkouts Full call number Barcode Checked out Date last seen Date last checked out Copy number Cost, replacement price Price effective from Koha item type
          Main Library Open Access Collection CBU-MAIN LIBRARY, KITWE. CBU-MAIN LIBRARY, KITWE. General Stacks 04/03/2023 DON-BOOKAID 49.21 2 DS 135.Z35 Mac 751877 04/22/2024 01/26/2024 01/26/2024 1 63.88 04/03/2023 MONOGRAPH
          Medical Library Collection CBU-SCHOOL OF MEDICINE LIBRARY, NDOLA. CBU-SCHOOL OF MEDICINE LIBRARY, NDOLA. School of Medicine Collection - Hospital Campus 04/04/2023 DON-BOOKAID 49.21   D 135.Z35 Mac 905346   04/04/2023   2 63.88 04/04/2023 MONOGRAPH